000 01203nam a2200313 i 4500
005 20260625121049.0
008 260625s2024 my gr 000 0 may d
020 _a9786299919209
_cRM49.00
_qpaperback
040 _aPPAK
_beng
_cPPAK
_erda
082 0 4 _223
_a297.1226
090 0 0 _a297.1226
_bHAF
_dG
100 0 _aHafizul Faiz,
_eauthor.
245 1 0 _aCuma Aku, Lukaku, dan Tuhanku :
_bCatatan Refleksi 30 Juzuk al-Quran /
_cHafizul Faiz ; Editor: Wahyuni Busyra
246 3 3 _aCuma aku, lukaku, dan Tuhanku :
_bcatatan refleksi tiga puluh juzuk al-Quran
264 1 _aKajang, Selangor :
_bTentang Kita Sdn Bhd,
_c[2024?]
300 _aiv, 250 pages ;
_c19 cm
336 _atext
_2rdacontent
337 _aunmediated
_2rdamedia
338 _avolume
_2rdacarrier
500 _aContains verses from the Qur'an and quotes from the Hadith.
586 _aWinner of Anugerah Buku MPH 2024 - 'Paling Laris'.
630 0 0 _aQurʼan
_xCriticism, interpretation, etc.
630 0 0 _aQurʼan
_xTranslating.
650 1 0 _aReligious life
_xIslam.
650 2 0 _aMuslims
_xConduct of life.
650 2 0 _aQurʼan stories.
700 0 _aWahyuni Busyra,
_eeditor.
942 _2ddc
_cB
999 _c204686
_d204686